000 01086nam a2200253Ia 4500
999 _c41609
_d41609
001 8278
003 GE_BSU
005 20240425162208.0
008 181216s2006||||geo|||||||||||||| ||geo||
020 _a15122247
040 _cGE_BSU
041 _ageo
080 _a821.161.1-1+1+15 ა–96
245 _aახალი თარგმანები. 6 /
_c[მთ.რედ. ბესო ხვედელიძე, რედ. ანა ჭაბაშვილი]
264 _aთბილისი :
_bდიოგენე,
_c2006.
300 _a200 გვ. ;
_c24 სმ.
490 _aლიტერატურული ალმანახი "ახალი თარგმანები"
_v6
541 _h10ლ.
653 _aახალი თარგმანები
653 _aლიტერატურული ალმანახი
700 _aხვედელიძე, ბესო
_eმთ. რედაქტორი
_921943
700 _aჭაბაშვილი, ანა
_eრედაქტორი
_9995
942 _cBK
_2udc